Plus grandes villes de France comportant un Y - Statistiques

Statistiques générales
  • Ce quiz a été pris 79 fois
  • Le résultat moyen est 12 sur 20
Statistiques - réponses
Région Population Département Ville % Correct
Hors Île-de-France 521 000 69 Lyon
93%
Hors Île-de-France 131 500 74 Annecy
83%
Hors Île-de-France 104 000 54 Nancy
80%
Hors Île-de-France 62 500 10 Troyes
75%
Hors Île-de-France 55 000 83 Hyères
73%
Hors Île-de-France 52 500 64 Bayonne
70%
Hors Île-de-France 60 000 73 Chambéry
70%
Île-de-France 66 000 91 Évry-Courcouronnes
68%
Hors Île-de-France 55 000 85 La Roche-sur-Yon
63%
Île-de-France 68 500 92 Issy-les-Moulineaux
59%
Hors Île-de-France 64 000 973 Cayenne
58%
Île-de-France 64 000 94 Ivry-sur-Seine
56%
Île-de-France 68 500 95 Cergy
55%
Hors Île-de-France 62 500 83 La Seyne-sur-Mer
49%
Île-de-France 71 500 93 Drancy
41%
Île-de-France 96 000 94 Vitry-sur-Seine
38%
Île-de-France 65 000 92 Clichy
35%
Île-de-France 86 000 93 Aulnay-sous-Bois
28%
Île-de-France 77 500 94 Champigny-sur-Marne
28%
Île-de-France 70 500 93 Noisy-le-Grand
27%
Aucun quiz correspondant
Distribution des résultats
% des personnes avec chaque résultat
Percentile par nombre de réponses
Votre historique - résultats
Vous n’avez pas pris ce quiz